Statistiken für Alphabet

Klicken Sie hier um das Quiz zu spielen!

Allgemein

  • Dieses Quiz wurde 1.769 mal gespielt
  • Das Durchschnittsergebnis liegt bei 25 aus 26

Antwortstatistiken

Buchstaben% Korrekt
A
99%
B
98%
E
98%
C
97%
D
97%
F
97%
G
97%
H
97%
I
97%
Q
97%
R
97%
W
97%
J
96%
K
96%
O
96%
S
96%
T
96%
U
96%
Z
96%
L
95%
M
95%
N
95%
P
95%
V
95%
X
95%
Y
95%

Verteilung der Resultate

Perzentil nach korrekt beantworteten Fragen

Anzahl Personen mit jedem Resultat

Ihre Resultats-Entwicklung

Sie haben dieses Quiz noch nicht gespielt